History Quiz

Random History or Artist Quiz
Score 0/24 Timer 10:00
14 Plays Today
% Correct
da Vinci
88.2%
Van Gogh
87.7%
Kahlo
86.8%
Picasso
84.2%
Hokusai
64.2%
Cassatt
62.6%
Raphael
50.9%
Velázquez
50.3%
Gauguin
49.3%
Rembrandt
48.6%
Delacroix
45.1%
Matisse
44.5%
% Correct
Dürer
41.5%
Rubens
40.6%
Degas
40.5%
El Greco
40.5%
Brueghel the Elder
36.5%
Renoir
35.6%
Cézanne
35.5%
Courbet
35.3%
Titian
35.3%
Greuze
30.7%
Parmigianino
29.8%
Goya
23.7%

You're not logged in!

Compare scores with friends on all Sporcle quizzes.
OR
Log In

Sporcle TV

Today on Sporcle TV


Watch our educational content, quiz creation guides, and fun videos on Sporcle TV.

Show Comments

Extras

Top Quizzes Today


Score Distribution

Paid Content

Your Account Isn't Verified!

In order to create a playlist on Sporcle, you need to verify the email address you used during registration. Go to your Sporcle Settings to finish the process.

Report this User

Report this user for behavior that violates our Community Guidelines.

Details: